| 000 | 01632cam a2200277 4500 | ||
|---|---|---|---|
| 008 | 000000n2000 000 0 eng u | ||
| 020 | _a1842190428 | ||
| 022 | _a1354-506X | ||
| 035 | _a(Sirsi) u109968 | ||
| 050 |
_a692.5 _c18 |
||
| 100 | _aSwaffield, Lisa | ||
| 245 | 0 | 0 | _aImproving early cost advice for mechanical and electrical services |
| 260 |
_aLondon _bRICS Research Foundation _c2000 |
||
| 300 |
_a40p. _c30cm. |
||
| 490 |
_aRICS Foundation Research Papers _v3(15) |
||
| 520 | _aAddresses the problem of poor communication between clients and building professionals, leading to misinterpretation of mechanical and electrical (M&E) services requirements and inaccurate cost estimates. The proposed method received support in principle from the field. It is suggested as a valid method of improving early design stage communications between clients and building professionals, that could lead to improved early cost advice for M&E services. | ||
| 520 | _aAvailable to download, by subscription or one-off payment, at www.rics-foundation.org. RICS members may also view the research via the public access terminals in the RICS Library - please ask Library Staff for details. | ||
| 650 | _aBUILT ENVIRONMENT-BUILDING COSTS | ||
| 650 | _aELECTRICAL SERVICES | ||
| 650 | _aMECHANICAL SERVICES | ||
| 690 | _aBUILT ENVIRONMENT-BUILDING COSTS | ||
| 700 | _aPasquire, Christine | ||
| 710 |
_aRoyal Institution of Chartered Surveyors _bResearch Foundation _93861 |
||
| 856 |
_uhttps://www.rics.org/site/scripts/download_info.aspx?downloadID=2658 _vView the research on the RICS Foundation website... |
||
| 942 | _n0 | ||
| 999 |
_c101033 _d101033 |
||